[Event "It (open)"]
[Site "masterchessopen.com – Belgrade (Yugoslavia)"]
[Round "3"]
[White "Chekhov Valery A (RUS)"]
[Black "Kostic V Vladimir (SRB)"]
[Result "1-0"]
[WhiteElo "2480"]
[BlackElo "2258"]

1.d4 Nf6 2.c4 g6 3.Nc3 d5 4.Nf3 Bg7 5.Qb3 dxc4 6.Qxc4 O-O 7.e4 Na6 8.Bf4 c5
9.dxc5 Qa5 10.e5 Be6 11.Qb5 Qxb5 12.Bxb5 Nd7 13.c6 Ndc5 14.cxb7 Rab8 15.O-O
Rxb7 16.b3 Nb4 17.Nd4 Nbd3 18.Bxd3 Nxd3 19.Nxe6 fxe6 20.Bg3 Nxe5 21.Ne4 Rc8
22.Rad1 h6 23.Rfe1 Kf7 24.Kf1 Nd7 25.Rc1 Rxc1 26.Rxc1 e5 27.f3 a6 28.Ke2 Bf6
29.Rc6 Nb8 30.Rxf6+ {#r} 1-0

[Event "Ch Czech Republic (juniors) (under 16)"]
[Site "masterchessopen.com – Brno (Czech Republic)"]
[Round "5"]
[White "Babula Vlastimil (CZE)"]
[Black "Pribyl Martin (CZE)"]
[Result "1-0"]
[WhiteElo "2572"]
[BlackElo "2343"]

1.d4 Nf6 2.c4 g6 3.Nc3 d5 4.Nf3 Bg7 5.Qb3 dxc4 6.Qxc4 O-O 7.e4 Na6 8.Be2 c5
9.d5 e6 10.O-O exd5 11.exd5 Re8 12.Bf4 Bf5 13.Rad1 Ne4 14.Nb5 g5 15.Be3 h6
16.Nd2 Nd6 17.Qb3 Nxb5 18.Bxb5 Re5 19.Bc4 Nb4 20.Bxc5 a5 21.Bxb4 axb4 22.Qxb4
Qd7 23.Rde1 Rae8 24.Bb5 Rxe1 25.Bxd7 Bxd7 26.Nc4 R1e4 27.Qxb7 R8e7 28.d6 {#r}
1-0

[Event "It \"]
[Site "masterchessopen.com – Budapest (Hungary)"]
[Round "0"]
[White "Marinelli Tullio (ITA)"]
[Black "Spiriev Peter (HUN)"]
[Result "1-0"]
[WhiteElo "2373"]
[BlackElo "2245"]

1.d4 Nf6 2.c4 g6 3.Nc3 d5 4.Nf3 Bg7 5.Qb3 dxc4 6.Qxc4 O-O 7.e4 Na6 8.Be2 c5
9.d5 e6 10.O-O exd5 11.exd5 Bf5 12.Bf4 Re8 13.Ne5 Nxd5 14.Nxf7 Kxf7 15.Bf3 Be6
16.Bxd5 Bxd5 17.Nxd5 b5 18.Qb3 Bd4 19.Nc3+ Kg7 20.Nxb5 Bf6 21.Rad1 Qe7 22.Nd6
Reb8 23.Qg3 Qe6 24.b3 Bd4 25.Rfe1 Qf6 26.Bg5 Bxf2+ 27.Qxf2 Qxg5 28.Qf7+ Kh6
29.Rd3 Rb4 30.Nc4 Qf5 {#r} 1-0

[Event "It (open) (2)"]
[Site "masterchessopen.com – Canary Islands (Spain)"]
[Round "0"]
[White "Garcia Pio Jesus (ESP)"]
[Black "Ramos Juan (CUB)"]
[Result "1-0"]
[WhiteElo "2250"]
[BlackElo "2280"]

1.d4 Nf6 2.Nf3 g6 3.c4 Bg7 4.Nc3 d5 5.Qb3 dxc4 6.Qxc4 O-O 7.e4 Na6 8.Be2 c5
9.d5 e6 10.Bg5 exd5 11.exd5 h6 12.Be3 b5 13.Qxb5 Rb8 14.Qa4 Rb4 15.Qa3 Qb6
16.O-O Ng4 17.Na4 Qb8 18.Rad1 c4 19.Bd4 Re8 20.Bxg7 Kxg7 21.Rd2 Bd7 22.Bd1 Re4
23.Nc3 Nc5 24.h3 Nf6 25.Nxe4 Nfxe4 26.Re2 Qb6 27.Qe3 Kh7 28.Ne5 Be8 29.Qd4 c3
30.Nc4 Qb5 31.b3 Nd2 32.Rfe1 Bd7 33.Re7 Kg8 34.Qf6 {#r} 1-0

[Event "Ch France (team)"]
[Site "masterchessopen.com – France"]
[Round "0"]
[White "Flear Glenn C (ENG)"]
[Black "Kouatly Bachar (FRA)"]
[Result "1-0"]
[WhiteElo "2430"]
[BlackElo "2495"]

1.d4 Nf6 2.c4 g6 3.Nc3 d5 4.Nf3 Bg7 5.Qb3 dxc4 6.Qxc4 O-O 7.e4 Na6 8.Qa4 c5
9.d5 Bd7 10.Bb5 Nb4 11.O-O a6 12.Bxd7 Nxd7 13.Qd1 Qa5 14.a3 c4 15.axb4 Qxa1
16.Nd4 a5 17.b5 Bxd4 18.Qxd4 f6 19.d6 e6 20.Qxc4 a4 21.Qxe6+ Rf7 22.Nd5 a3
23.bxa3 Ne5 24.Bf4 {#r} 1-0

[Event "Ch France (team)"]
[Site "masterchessopen.com – France"]
[Round "0"]
[White "Vareille Francois (FRA)"]
[Black "Chabanon Jean-Luc (FRA)"]
[Result "0-1"]
[WhiteElo "2385"]
[BlackElo "2481"]

1.d4 Nf6 2.Nf3 g6 3.c4 Bg7 4.Nc3 d5 5.Qb3 dxc4 6.Qxc4 O-O 7.e4 Na6 8.Qb3 c5
9.d5 e6 10.Bxa6 bxa6 11.O-O exd5 12.exd5 Bg4 13.Ne5 Qd6 14.Nc4 Qd7 15.h3 Bf5
16.Rd1 Rab8 17.Qa3 Bxh3 18.gxh3 Qxh3 19.Ne3 Ng4 20.Nf1 Ne5 21.Nh2 Nf3+ 22.Nxf3
Qxf3 23.Be3 Rb4 24.Kf1 Re8 25.Ke1 Bh6 26.Kd2 Qxf2+ {#R} 0-1

[Event "It (open)"]
[Site "masterchessopen.com – Groningen (Netherlands)"]
[Round "1"]
[White "Vladimirov Evgeny (KAZ)"]
[Black "Fette Martin (GER)"]
[Result "1-0"]
[WhiteElo "2565"]
[BlackElo "2293"]

1.d4 Nf6 2.c4 g6 3.Nc3 d5 4.Nf3 Bg7 5.Qb3 dxc4 6.Qxc4 O-O 7.e4 Na6 8.Be2 c5
9.d5 e6 10.O-O exd5 11.exd5 b6 12.Qh4 Nb4 13.Bg5 Bf5 14.Rad1 b5 15.d6 Re8
16.Bxb5 Re6 17.Bc4 {#r} 1-0

[Event "It (open)"]
[Site "masterchessopen.com – New York (USA)"]
[Round "0"]
[White "Donaldson-A Elena (USA)"]
[Black "Burger Karl (USA)"]
[Result "1-0"]
[WhiteElo "2430"]
[BlackElo "2315"]

1.d4 Nf6 2.c4 g6 3.Nc3 d5 4.Nf3 Bg7 5.Qb3 dxc4 6.Qxc4 O-O 7.e4 Na6 8.e5 Nd7
9.e6 fxe6 10.h4 Nb6 11.Qb3 c5 12.h5 cxd4 13.hxg6 Rxf3 14.gxf3 dxc3 15.Rxh7 Qd5
16.Bh6 Bxh6 17.Qxc3 Bd2+ 18.Qxd2 Qxd2+ 19.Kxd2 Nd5 20.Bd3 {#r} 1-0

[Event "It"]
[Site "masterchessopen.com – Yalta (Ukraine)"]
[Round "0"]
[White "Annageldyev Orazly (TKM)"]
[Black "Chudinovskikh Alexander M (RUS)"]
[Result "1-0"]
[WhiteElo "2385"]
[BlackElo "2360"]

1.d4 Nf6 2.c4 g6 3.Nc3 d5 4.Nf3 Bg7 5.Qb3 dxc4 6.Qxc4 O-O 7.e4 Na6 8.Be2 c5
9.d5 e6 10.O-O exd5 11.exd5 Bf5 12.Bf4 Re8 13.Rad1 Ne4 14.Bd3 Bxc3 15.bxc3 b5
16.Qxb5 Nxc3 17.Qxa6 Bxd3 18.Qxd3 Ne2+ 19.Kh1 Nxf4 20.Qc4 Qd6 21.Nd2 Rad8
22.Ne4 Qe5 23.f3 Kg7 24.d6 Qb2 25.Rg1 Qb4 26.Qc1 Ne2 27.Qa1+ Nd4 28.Rb1 Qa5
29.Rbc1 Qb6 30.Rgd1 Re6 31.Nxc5 Rexd6 32.Rc4 {#r} 1-0

[Event "Zt"]
[Site "masterchessopen.com – India"]
[Round "0"]
[White "Rahman Tahmidur (BAN)"]
[Black "Allan W M (JOR)"]
[Result "1-0"]
[WhiteElo "2188"]
[BlackElo "2090"]

1.d4 Nf6 2.c4 g6 3.Nc3 d5 4.Nf3 Bg7 5.Qb3 dxc4 6.Qxc4 O-O 7.e4 Na6 8.Be2 c5
9.d5 Nd7 10.Qb3 Ne5 11.O-O Nc7 12.Be3 b6 13.Nxe5 Bxe5 14.Rad1 Ne8 15.f4 Bg7
16.e5 g5 17.Ne4 gxf4 18.Bxf4 Bf5 19.Ng3 Bg6 20.h4 h6 21.h5 Bh7 22.Qe3 Qc7
23.d6 exd6 24.exd6 Qd7 25.Bxh6 Rd8 26.Bxg7 Nxg7 27.Qg5 Kh8 28.Rf6 Ne8 29.Qe5
Kg8 30.Qg5+ Kh8 31.Bd3 Rg8 32.Qh6 Rg7 33.Bxh7 Nxf6 34.Bf5+ {#r} 1-0

[Event "It (open)"]
[Site "masterchessopen.com – Dortmund (Germany)"]
[Round "6"]
[White "Zysk Robert (GER)"]
[Black "Berndt Stephan (GER)"]
[Result "1-0"]
[WhiteElo "2424"]
[BlackElo "2441"]

1.d4 Nf6 2.c4 g6 3.Nc3 d5 4.Nf3 Bg7 5.Qb3 dxc4 6.Qxc4 O-O 7.e4 Na6 8.Be2 c5
9.d5 e6 10.O-O exd5 11.exd5 Bf5 12.Be3 Ne8 13.Qf4 Nec7 14.Rad1 Re8 15.Qg3 Nb4
16.Bc4 Nca6 17.Bg5 Qb6 18.d6 Be6 19.Bxa6 Nxa6 20.d7 Red8 21.Bxd8 Rxd8 22.Nd5
Qxb2 23.Ng5 Qe5 24.Nxe6 fxe6 25.f4 Qb2 26.Qg4 Bd4+ 27.Kh1 Rxd7 28.Qxe6+ Rf7
29.f5 g5 30.f6 {#r} 1-0

[Event "Bundesliga 1990/91 (2nd)"]
[Site "masterchessopen.com – Germany"]
[Round "0"]
[White "Sieglen Joachim (GER)"]
[Black "Dolgener Tobias (GER)"]
[Result "0-1"]
[WhiteElo "2302"]
[BlackElo "2257"]

1.d4 Nf6 2.Nf3 g6 3.c4 Bg7 4.Nc3 d5 5.Qb3 dxc4 6.Qxc4 O-O 7.e4 Na6 8.Be2 c5
9.d5 e6 10.O-O exd5 11.exd5 Qb6 12.Bf4 Bf5 13.Be5 Rfe8 14.b3 Rad8 15.Rad1 Qa5
16.h3 Nb4 17.g4 Bc8 18.a3 Qxa3 19.Nb5 Qa2 20.Rd2 Qxd2 21.Nxd2 Rxe5 22.Bf3
Nfxd5 23.Nxa7 Be6 24.Qxc5 Nd3 25.Qd4 N3f4 26.Nc4 Nxh3+ 27.Kh2 Ng5 28.Qd3 Nxf3+
29.Qxf3 Rg5 30.Rg1 h5 31.gxh5 Rxh5+ 32.Kg2 Bh3+ 33.Qxh3 Nf4+ {#R} 0-1

[Event "It (b)"]
[Site "masterchessopen.com – Hamburg (Germany)"]
[Round "2"]
[White "Heinemann Thies (GER)"]
[Black "Michaelsen Nils (GER)"]
[Result "0-1"]
[WhiteElo "2469"]
[BlackElo "2412"]

1.d4 Nf6 2.c4 g6 3.Nc3 d5 4.Nf3 Bg7 5.Qb3 dxc4 6.Qxc4 O-O 7.e4 Na6 8.Be2 c5
9.dxc5 Be6 10.Qb5 Rc8 11.O-O Nxc5 12.Rd1 Bd7 13.Qb4 a5 14.Qa3 Nfxe4 15.Nxe4
Nxe4 16.Be3 Nc3 17.bxc3 Rxc3 18.Qxc3 Bxc3 19.Rab1 b5 20.a4 b4 21.Bb5 Bxb5
22.Rxd8 Rxd8 23.axb5 a4 24.Bc5 a3 25.Bxe7 a2 26.Rf1 Ra8 27.g3 a1=Q 28.Rxa1
Rxa1+ 29.Kg2 b3 {#R} 0-1

[Event "Tournament (juniors)"]
[Site "masterchessopen.com – Tomo Zupan (Slovenia)"]
[Round "0"]
[White "Osterman Rudolf (SLO)"]
[Black "Kosmac Blaz (SLO)"]
[Result "1-0"]
[WhiteElo "2370"]
[BlackElo "2192"]

1.d4 Nf6 2.c4 g6 3.Nc3 d5 4.Nf3 Bg7 5.Qb3 dxc4 6.Qxc4 O-O 7.e4 Na6 8.Be2 c5
9.d5 e6 10.O-O exd5 11.exd5 Re8 12.Bf4 Bf5 13.Be5 Nd7 14.Bxg7 Kxg7 15.Rad1 Nb6
16.Qf4 Nb4 17.Bb5 Bd7 18.Ng5 Rf8 19.Bxd7 Nxd7 20.Nge4 b6 21.Rd2 f6 22.a3 Na6
23.d6 Qe8 24.Ng3 Qe5 25.Qa4 Nab8 26.Re2 Qd4 27.Qxd4 cxd4 28.Nb5 Nc6 29.Nc7
{#r} 1-0

[Event "It \"]
[Site "masterchessopen.com – Buenos Aires (Argentina)"]
[Round "3"]
[White "Mayo Raul (ARG)"]
[Black "Rivero Jose Luis (ARG)"]
[Result "0-1"]
[WhiteElo "2157"]
[BlackElo "2147"]

1.d4 Nf6 2.c4 g6 3.Nc3 d5 4.Nf3 Bg7 5.Qb3 dxc4 6.Qxc4 O-O 7.e4 Na6 8.Bf4 c5
9.Be5 cxd4 10.Bxd4 Qa5 11.Qb5 Qxb5 12.Bxb5 Nb4 13.O-O-O Be6 14.Kb1 a6 15.Be2
Rac8 16.Ne5 b5 17.f4 Rfd8 18.g4 Nd7 19.Nxd7 Bxd7 20.Bxg7 Kxg7 21.e5 Bc6
22.Rhe1 Nd5 23.Nxd5 Bxd5 24.Rd4 Bxa2+ {#R} 0-1

[Event "Oberliga Northeast 1991/92"]
[Site "masterchessopen.com – Germany"]
[Round "-56"]
[White "Heinsohn Michael (GER)"]
[Black "Darnstaedt Frank (GER)"]
[Result "0-1"]
[WhiteElo "2013"]
[BlackElo "2305"]

1.d4 Nf6 2.Nf3 g6 3.c4 Bg7 4.Nc3 d5 5.Qb3 dxc4 6.Qxc4 O-O 7.e4 Na6 8.Be2 c5
9.d5 e6 10.O-O exd5 11.exd5 h6 12.Bf4 Re8 13.Rad1 Bf5 14.Bd3 Bg4 15.d6 Be6
16.Qb5 Nb4 17.Bb1 Nbd5 18.Nxd5 Nxd5 19.Bg3 Qb6 20.Qxb6 axb6 21.Ne5 Nf6 22.Rfe1
Nh5 23.d7 Red8 24.Nxf7 Kxf7 25.Bxg6+ Kxg6 26.Rxe6+ Kf7 27.Rxb6 Nxg3 28.hxg3
Rxa2 29.Rxb7 Rxb2 30.Rc7 Bd4 31.Re1 Bxf2+ {#R} 0-1

[Event "It (open)"]
[Site "masterchessopen.com – Goteborg (Sweden)"]
[Round "0"]
[White "Moskalenko Viktor (UKR)"]
[Black "Carlhammar Magnus (SWE)"]
[Result "0-1"]
[WhiteElo "2505"]
[BlackElo "2325"]

1.d4 Nf6 2.c4 g6 3.Nc3 d5 4.Nf3 Bg7 5.Qb3 dxc4 6.Qxc4 O-O 7.e4 Na6 8.e5 Nd7
9.e6 Nb6 10.exf7+ Kh8 11.Qb3 c5 12.dxc5 Nxc5 13.Qb4 Nd3+ 14.Bxd3 Qxd3 15.Bd2
Rxf7 16.Rd1 Qc4 17.Ne4 Bg4 18.Neg5 Rff8 19.Qxc4 Nxc4 20.Bc3 Nxb2 21.Rd4 Rfd8
22.Rxg4 Rd1+ 23.Ke2 Rxh1 24.Rb4 Nd1 25.Rxb7 Nxc3+ 26.Kd2 Nd5 {#R} 0-1

[Event "It (open)"]
[Site "masterchessopen.com – Cattolica (Italy)"]
[Round "0"]
[White "Schmidt-Brauns Rainer (GER)"]
[Black "Kyas Juergen (GER)"]
[Result "0-1"]
[WhiteElo "1998"]
[BlackElo "2195"]

1.d4 Nf6 2.c4 g6 3.Nc3 d5 4.Nf3 Bg7 5.Qb3 dxc4 6.Qxc4 O-O 7.e4 Na6 8.Be2 c5
9.O-O cxd4 10.Nxd4 Nxe4 11.Nc6 bxc6 12.Qxe4 Qc7 13.Be3 Rb8 14.Qa4 Rxb2 15.Bxa6
Bxa6 16.Qxa6 Bxc3 17.Rac1 Be5 18.f4 Bf6 19.Rxc6 Qd7 20.Rxf6 Qg4 21.g3 Qh3
22.Bf2 exf6 23.Qxa7 Rfb8 24.Qa6 Kg7 25.a4 h5 26.Qc6 Rxf2 {#R} 0-1

[Event "Ch Netherlands (corr.)"]
[Site "masterchessopen.com – corr."]
[Round "0"]
[White "Ludden Gert-Jan (NED)"]
[Black "Plijter Martin (NED)"]
[Result "1-0"]
[WhiteElo "2262"]
[BlackElo "2012"]

1.d4 Nf6 2.c4 g6 3.Nc3 d5 4.Nf3 Bg7 5.Qb3 dxc4 6.Qxc4 O-O 7.e4 Na6 8.Be2 c5
9.d5 e6 10.O-O exd5 11.exd5 Bf5 12.a3 Re8 13.Bg5 h6 14.Bxf6 Qxf6 15.Rad1 Rad8
16.Bd3 Bd7 17.Rfe1 Rb8 18.Rxe8+ Bxe8 19.Bf1 b5 20.Qg4 b4 21.axb4 cxb4 22.Ne4
Qxb2 23.Bxa6 f5 24.Qf4 Rb6 25.Nc5 Qc2 26.Rc1 b3 27.Bd3 Qa2 28.Re1 Bb5 29.d6 b2
30.d7 Qd5 31.Bxb5 Rxb5 32.d8=Q+ {#r} 1-0

[Event "It (open)"]
[Site "masterchessopen.com – Loosdorf (Austria)"]
[Round "9"]
[White "Hardicsay Peter (HUN)"]
[Black "Wadsack Wolfgang (AUT)"]
[Result "1-0"]
[WhiteElo "2266"]
[BlackElo "2225"]

1.d4 Nf6 2.c4 g6 3.Nc3 d5 4.Nf3 Bg7 5.Qb3 dxc4 6.Qxc4 O-O 7.e4 Na6 8.Be2 c5
9.d5 e6 10.O-O exd5 11.exd5 Re8 12.Be3 Bf5 13.Rad1 Rc8 14.a3 h6 15.Qb3 Qb6
16.Qxb6 axb6 17.Nd2 Nb8 18.Nc4 Rcd8 19.Nxb6 Ng4 20.Bxg4 Bxg4 21.Rd2 Bf8 22.h3
Nd7 23.Nc4 Bf5 24.g4 Be4 25.f3 Bg7 26.Nxe4 b5 27.Ncd6 f5 28.Nxe8 Rxe8 29.Nxc5
f4 30.Bf2 Ne5 {#r} 1-0

[Event "It (open)"]
[Site "masterchessopen.com – Passau (Germany)"]
[Round "0"]
[White "Farago Ivan (HUN)"]
[Black "Jasnikowski Zbigniew (POL)"]
[Result "1-0"]
[WhiteElo "2540"]
[BlackElo "2460"]

1.d4 Nf6 2.c4 g6 3.Nc3 d5 4.Nf3 Bg7 5.Qb3 dxc4 6.Qxc4 O-O 7.e4 Na6 8.Be2 c5
9.d5 e6 10.O-O exd5 11.exd5 Bf5 12.Be3 Re8 13.Rad1 Ne4 14.Nxe4 Rxe4 15.Qc1 c4
16.Nd4 Bxd4 17.Rxd4 Rxd4 18.Bxd4 Bd3 19.Qh6 f6 20.Bg4 Bxf1 21.Be6+ Kh8 22.g4
Qe7 23.g5 Rf8 24.d6 Qd8 25.gxf6 {#r} 1-0

[Event "It (open)"]
[Site "masterchessopen.com – Philadelphia (USA)"]
[Round "0"]
[White "Magar Thomas P (USA)"]
[Black "Dereviagin Vladislav (RUS)"]
[Result "0-1"]
[WhiteElo "2079"]
[BlackElo "2320"]

1.d4 Nf6 2.c4 g6 3.Nc3 d5 4.Nf3 Bg7 5.Qb3 dxc4 6.Qxc4 O-O 7.e4 Na6 8.Be2 c5
9.d5 e6 10.O-O exd5 11.exd5 Bf5 12.Bf4 Re8 13.Nd2 Nb4 14.Rfd1 Nfxd5 15.Nf3 Qe7
16.Nxd5 Qxe2 17.Qxc5 Nd3 18.Rxd3 Bxd3 19.Nc7 Bxb2 20.Nxe8 Bxa1 21.Qc1 Bb2
22.Qe1 Rxe8 {#R} 0-1

[Event "It"]
[Site "masterchessopen.com – Altensteig (Germany)"]
[Round "0"]
[White "Kachiani-G Ketino (GER)"]
[Black "Pribyl Martin (CZE)"]
[Result "1-0"]
[WhiteElo "2410"]
[BlackElo "2360"]

1.d4 Nf6 2.c4 g6 3.Nc3 d5 4.Nf3 Bg7 5.Qb3 dxc4 6.Qxc4 O-O 7.e4 Na6 8.Be2 c5
9.d5 e6 10.O-O exd5 11.exd5 Re8 12.Be3 Bf5 13.Rac1 Ne4 14.Qb3 Qb6 15.Bb5 Red8
16.Na4 Qf6 17.Bxa6 bxa6 18.Qc4 Rab8 19.Nxc5 Nxc5 20.Bg5 Qxb2 21.Bxd8 Rxd8
22.Qxc5 Qxa2 23.Rcd1 Bf8 24.d6 Bg4 25.Qg5 Bxf3 26.Qxd8 Bxd1 27.Rxd1 Qe2 28.Rf1
Kg7 29.d7 Be7 30.Qe8 {#r} 1-0

[Event "Ch Poland"]
[Site "masterchessopen.com – Biala-Podlaska (Poland)"]
[Round "8"]
[White "Swol Michal (POL)"]
[Black "Macieja Bartlomiej (POL)"]
[Result "0-1"]
[WhiteElo "2248"]
[BlackElo "2613"]

1.d4 Nf6 2.c4 g6 3.Nc3 d5 4.Nf3 Bg7 5.Qb3 dxc4 6.Qxc4 O-O 7.e4 Na6 8.Be2 c5
9.d5 e6 10.O-O exd5 11.exd5 Bf5 12.Bf4 Re8 13.Rad1 Ne4 14.Bd3 Nd6 15.Bxd6 Bxd3
16.Rxd3 Qxd6 17.Ng5 Rad8 18.Nce4 Qd7 19.Rfd1 b5 20.Qc1 h6 21.Rf3 hxg5 22.Nxg5
f6 23.Nh3 Re5 {#R} 0-1

[Event "Tournament"]
[Site "masterchessopen.com – Hungary"]
[Round "0"]
[White "Szilagyi Andras (HUN)"]
[Black "Nemeth Antal (HUN)"]
[Result "1-0"]
[WhiteElo "2156"]
[BlackElo "2288"]

1.d4 Nf6 2.c4 g6 3.Nc3 d5 4.Nf3 Bg7 5.Qb3 dxc4 6.Qxc4 O-O 7.e4 Na6 8.Be2 c5
9.d5 e6 10.O-O exd5 11.exd5 Bf5 12.Be3 Qb6 13.b3 Rfe8 14.Rad1 Rxe3 15.fxe3 Ng4
16.Na4 Qd6 17.e4 Bd7 18.e5 Nxe5 19.Qf4 f5 20.Bxa6 bxa6 21.Kh1 Rb8 22.Nxc5 g5
23.Qc1 Rc8 24.Nxe5 Rxc5 25.Nc4 {#r} 1-0

[Event "It (open)"]
[Site "masterchessopen.com – Dortmund (Germany)"]
[Round "5"]
[White "Fleischer Uwe (GER)"]
[Black "Seger Ruediger (GER)"]
[Result "0-1"]
[WhiteElo "2070"]
[BlackElo "2365"]

1.d4 Nf6 2.c4 g6 3.Nc3 d5 4.Nf3 Bg7 5.Qb3 dxc4 6.Qxc4 O-O 7.e4 Na6 8.Be2 c5
9.d5 e6 10.Bg5 exd5 11.Nxd5 Be6 12.Rd1 Bxd5 13.exd5 h6 14.Bxf6 Bxf6 15.O-O Rb8
16.Qf4 h5 17.Bxa6 bxa6 18.b3 Rb4 19.Qc1 Qd6 20.Rd3 Rfb8 21.Rfd1 a5 22.Nd2 a4
23.Nc4 Qd8 24.Qc2 axb3 25.axb3 a5 26.d6 Bd4 27.Re1 R8b7 28.Re4 a4 29.bxa4 Rxc4
{#R} 0-1

[Event "Ch Netherlands (team) 1995/96"]
[Site "masterchessopen.com – Netherlands"]
[Round "6"]
[White "Hofman Ron (NED)"]
[Black "Aubel Jochem (NED)"]
[Result "1-0"]
[WhiteElo "2195"]
[BlackElo "2243"]

1.d4 Nf6 2.c4 g6 3.Nc3 d5 4.Nf3 Bg7 5.Qb3 dxc4 6.Qxc4 O-O 7.e4 Na6 8.Be2 c5
9.d5 e6 10.O-O exd5 11.exd5 b6 12.Bf4 Nb4 13.Rad1 Re8 14.Qb3 Bf5 15.Rd2 Ne4
16.Nxe4 Rxe4 17.Be3 a5 18.a3 Na6 19.Bd3 c4 20.Bxc4 a4 21.Qa2 Qe8 22.Bxb6 Rb8
23.Bd4 Bh6 24.Rdd1 Qc8 25.Bd3 Rg4 26.Qc4 Rxg2+ 27.Kh1 Nc7 28.Be5 Bg4 29.Be4
Qf5 30.Bxf5 Bxf3 31.Qd3 Rg3+ 32.Qxf3 Rxf3 33.Bxc7 Rb7 34.Be4 {#r} 1-0

[Event "Bundesliga (2nd) East 1996/97"]
[Site "masterchessopen.com – Germany"]
[Round "0"]
[White "David Rene (GER)"]
[Black "Peters Andreas (GER)"]
[Result "1-0"]
[WhiteElo "2227"]
[BlackElo "2300"]

1.d4 Nf6 2.Nf3 g6 3.c4 Bg7 4.Nc3 d5 5.Qb3 dxc4 6.Qxc4 O-O 7.e4 Na6 8.Be2 c5
9.d5 e6 10.O-O exd5 11.exd5 Re8 12.Rd1 Bf5 13.Bf4 Ne4 14.Bd3 Nd6 15.Bxd6 Bxd3
16.Rxd3 Qxd6 17.a3 Rad8 18.Nb5 Qb6 19.d6 Rd7 20.Rad1 Nb8 21.Ng5 Nc6 22.Nc7 Re5
23.Nd5 Qa6 24.Ne7+ Rdxe7 25.dxe7 Rxe7 26.Qxa6 bxa6 27.Rd6 Rc7 28.b3 Nd4
29.Rd8+ Bf8 30.b4 h6 31.Ne4 Ne6 32.Nf6+ Kh8 33.R1d7 Rc6 34.Rxf7 {#r} 1-0

[Event "It (open)"]
[Site "masterchessopen.com – Graz (Austria)"]
[Round "0"]
[White "Kozul Zdenko (CRO)"]
[Black "Balinov Ilija (AUT)"]
[Result "1-0"]
[WhiteElo "2605"]
[BlackElo "2385"]

1.d4 Nf6 2.c4 g6 3.Nc3 d5 4.Nf3 Bg7 5.Qb3 dxc4 6.Qxc4 O-O 7.e4 Na6 8.Be2 c5
9.d5 e6 10.O-O exd5 11.exd5 Re8 12.Be3 Bf5 13.Rad1 Rc8 14.d6 Nb8 15.Nb5 Qb6
16.Ng5 h6 17.Qxf7+ Kh8 18.Nf3 Rf8 19.Qb3 a6 20.Nc7 Qxb3 21.axb3 Nbd7 22.Nh4
Ne4 23.g4 {#r} 1-0

[Event "It"]
[Site "masterchessopen.com – Mercenarios (Mexico)"]
[Round "0"]
[White "Calderin Roberto (MEX)"]
[Black "Ruiz Gonzalez Guillermo (MEX)"]
[Result "1-0"]
[WhiteElo "2435"]
[BlackElo "2320"]

1.d4 Nf6 2.Nf3 g6 3.c4 Bg7 4.Nc3 d5 5.Qb3 dxc4 6.Qxc4 O-O 7.e4 Na6 8.Be2 c5
9.d5 e6 10.O-O exd5 11.exd5 Re8 12.Bf4 Bf5 13.Rad1 Ne4 14.Nb5 Bxb2 15.d6 g5
16.d7 Re6 17.Qd5 gxf4 18.Qxf5 Qf6 19.Qg4+ Kh8 20.Bc4 Rb6 21.Rfe1 {#r} 1-0

[Event "Memorial A.Alekhine (open)"]
[Site "masterchessopen.com – Moscow (Russia)"]
[Round "1"]
[White "Saruhanjan Moris (RUS)"]
[Black "Notkin Maksim (RUS)"]
[Result "0-1"]
[WhiteElo "2265"]
[BlackElo "2520"]

1.d4 Nf6 2.c4 g6 3.Nc3 d5 4.Nf3 Bg7 5.Qb3 dxc4 6.Qxc4 O-O 7.e4 Na6 8.Be2 c5
9.d5 e6 10.O-O exd5 11.exd5 b6 12.Qb3 Nb4 13.Rd1 Bf5 14.Ne1 Ng4 15.h3 Ne5
16.a3 Nbd3 17.Bxd3 Bxd3 18.Nxd3 c4 19.Qa2 cxd3 20.f4 Nf3+ 21.gxf3 Qh4 22.Kg2
Bd4 23.Rf1 Rfe8 24.Ne4 Rac8 25.Bd2 Rc2 26.Rad1 Qxf4 27.Rf2 Qh4 28.Rdf1 Rxe4
29.fxe4 Qxe4+ 30.Kh2 Bxf2 31.Rxf2 Rxd2 32.Rxd2 Qf4+ 33.Kg1 Qxd2 {#R} 0-1

[Event "Ch Yugoslavia (open)"]
[Site "masterchessopen.com – Nis (Yugoslavia)"]
[Round "6"]
[White "Stojanovic Mihajlo (SRB)"]
[Black "Benderac Srdjan (MNE)"]
[Result "0-1"]
[WhiteElo "2465"]
[BlackElo "2285"]

1.d4 Nf6 2.c4 g6 3.Nc3 d5 4.Nf3 Bg7 5.Qb3 dxc4 6.Qxc4 O-O 7.e4 Na6 8.Be2 c5
9.d5 e6 10.O-O exd5 11.exd5 Bf5 12.Rd1 Qb6 13.d6 Rad8 14.Bf4 Qxb2 15.Rab1 Bxb1
16.Rxb1 b5 17.Qxb5 Qxb5 18.Nxb5 Nb4 19.Bc4 Nbd5 20.Be5 Nb6 21.Bf1 Ne4 22.Bd3
Nd2 23.Nxd2 Bxe5 24.Nf3 Bxd6 25.Nxa7 Bb8 26.Nc6 Rxd3 27.Ne1 Rd6 28.Rxb6 Rd1
{#R} 0-1

[Event "It (cat.14)"]
[Site "masterchessopen.com – Reggio Emilia (Italy)"]
[Round "4"]
[White "Beliavsky Alexander G (SLO)"]
[Black "Azmaiparashvili Zurab (GEO)"]
[Result "1-0"]
[WhiteElo "2620"]
[BlackElo "2670"]

1.d4 Nf6 2.c4 g6 3.Nc3 d5 4.Nf3 Bg7 5.Qb3 dxc4 6.Qxc4 O-O 7.e4 Na6 8.Be2 c5
9.d5 e6 10.O-O exd5 11.exd5 Bf5 12.Be3 Re8 13.Rad1 Qb6 14.d6 { ! a novelty } (
14.b3 Rac8 15.h3 h6 16.Rd2 Red8 { ? Kachiani-Gershinska - Janjgava, Tbilisi
1991 } ) 14...Be6 ( 14...Qxb2 { !? } 15.Ng5 Rf8 { ? } ) 15.Qb5 h6 16.Ne5 Red8
17.Nc4 Qxb5 18.Nxb5 Nd5 19.Bc1 Ndb4 ( 19...Nab4 20.Bf3 Nc3 ( 20...a6 21.Nc7 {
! } 21...Nxc7 22.dxc7 { +?? } ) 21.bxc3 Bxc4 22.cxb4 Bxb5 23.bxc5 { ! }
23...Bxf1 24.Kxf1 Rac8 25.Ba3 Rd7 26.Bxb7 { ! ± } ) 20.a3 Nc2 21.Na5 { ! }
21...Rd7 22.Bf4 g5 23.Bg3 f5 ( 23...Bxb2 24.Rd2 Bf5 25.Bd1 ) 24.Bd3 { ! }
24...Nd4 25.Rfe1 { ! } 25...Kf7 26.Be5 Bxe5 27.Rxe5 b6 28.Rde1 { ! } 28...c4 (
28...bxa5 29.Nxd4 { +?? } ) ( 28...Nxb5 29.Bxb5 { +?? } ) 29.Nxc4 Nxb5 30.Rxe6
Nd4 31.Re7+ Rxe7 32.dxe7 Ne6 33.e8=Q+ { } {#r} 1-0

[Event "It (open) (b)"]
[Site "masterchessopen.com – Vienna (Austria)"]
[Round "4"]
[White "Fordan Tibor (HUN)"]
[Black "Herbrechtsmeier Christof (GER)"]
[Result "0-1"]
[WhiteElo "2235"]
[BlackElo "2300"]

1.d4 Nf6 2.c4 g6 3.Nc3 d5 4.Nf3 Bg7 5.Qb3 dxc4 6.Qxc4 O-O 7.e4 Na6 8.Be2 c5
9.d5 e6 10.O-O exd5 11.exd5 Re8 12.Bf4 Bf5 13.Rad1 Ne4 14.Nb5 g5 15.Be3 Qf6
16.d6 Rad8 17.Bd3 h6 18.Nc7 Nxc7 19.dxc7 Rc8 20.Bxe4 Bxe4 21.Rd8 Rcxd8
22.cxd8=Q Qxd8 23.Qxc5 b6 24.Qa3 Qd7 25.Re1 Bc6 26.Qb3 Bxf3 27.gxf3 Qh3 28.Qa4
Rd8 29.Qxa7 Be5 30.f4 gxf4 31.Qe7 f3 32.Qxd8+ Kh7 33.Qd3+ f5 34.Qd7+ Bg7 {#R}
0-1